Normal view MARC view
  • Foster, M.

Entry Nombre Personal

Number of records used in: 1

001 - NUMERO DE CONTROL

  • campo de control: 52270

003 - IDENTIFICADOR DE NUMERO DE CONTROL

  • campo de control: MX-MxUPN

005 - FECHA Y HORA DE LA ÜLTIMA TRANSACCIÓN

  • campo de control: 20240610095741.0

008 - DATOS DE LONGITUD FIJA

  • campo de control de longitud fija: 240610|| aca||aabn | aaa d

040 ## - FUENTE DE CATALOGACIÓN

  • Agencia original de catalogación: MX-MxUPN
  • Lenguaje de catalogación: spa
  • Agencia de transcripción: MX-MxUPN

046 ## - FECHAS CON CODIFICACIÓN ESPECIAL

  • Fecha de nacimiento: 1836
  • Fecha de muerte: 1907

100 1# - ENCABEZAMIENTO - NOMBRE PERSONAL

  • Nombre personal: Foster, M.

370 ## - LUGAR ASOCIADO

  • Place of birth: Huntingdon
  • Place of death: Londres

372 ## - CAMPO DE ACTIVIDAD

  • Field of activity: Fisiología

374 ## - OCUPACIÓN

  • Occupation: Fisiólogo
  • Occupation: Naturalista

670 ## - FUENTE EN LA QUE SE LOCALIZARON DATOS

  • Cita de la fuente: Nociones de fisiología, 1886:
  • Información localizada: portada (M. Foster; bachiller en Artes, doctor en Medicina, miembro de la Real Sociedad, del Colegio de la Trinidad, de Cambrigia))

670 ## - FUENTE EN LA QUE SE LOCALIZARON DATOS

  • Cita de la fuente: Wikipedia, 10 junio 2024:
  • Información localizada: (Michael Foster, 8 de marzo de 1836, Huntingdon - 29 de enero de 1907, Londres; fue un fisiólogo y naturalista británico)
  • Uniform Resource Identifier: https://es.wikipedia.org/wiki/Michael_Foster

902 ## - CATALOGADOR

  • Catalogador: Víctor Ruiz/100624